Maîtriser l'argumentation (notice n° 1566247)
[ vue normale ]
| 000 -LEADER | |
|---|---|
| fixed length control field | 00924cam a2200133 4500500 |
| 005 - DATE AND TIME OF LATEST TRANSACTION | |
| control field | 20251214001515.0 |
| 041 ## - LANGUAGE CODE | |
| Language code of text/sound track or separate title | fre |
| 042 ## - AUTHENTICATION CODE | |
| Authentication code | dc |
| 100 10 - MAIN ENTRY--PERSONAL NAME | |
| Personal name | Meyer, Bernard |
| Relator term | author |
| 245 00 - TITLE STATEMENT | |
| Title | Maîtriser l'argumentation |
| 260 ## - PUBLICATION, DISTRIBUTION, ETC. | |
| Name of publisher, distributor, etc. | Armand Colin,<br/> |
| Date of publication, distribution, etc. | 2011.<br/> |
| 520 ## - SUMMARY, ETC. | |
| Summary, etc. | L'argumentation se trouve au cœur du fonctionnement de notre société, et ce à trois niveaux : politique, médiatique et professionnel. À chacun de savoir défendre et imposer son point de vue lors des réunions, séminaires, etc. Destiné aux étudiants des premiers cycles universitaires (licence, DUT, BTS, CPGE) afin qu'ils soient mieux préparés aux examens, concours, mais aussi à leur insertion professionnelle, ce manuel s'adresse également aux adultes en formation continue et aux enseignants de lycée et collège. |
| 856 41 - ELECTRONIC LOCATION AND ACCESS | |
| Uniform Resource Identifier | <a href="https://shs.cairn.info/maitriser-l-argumentation--9782200270018?lang=fr&redirect-ssocas=7080">https://shs.cairn.info/maitriser-l-argumentation--9782200270018?lang=fr&redirect-ssocas=7080</a> |
Pas d'exemplaire disponible.




Réseaux sociaux